This is our history / (Record no. 93375)

MARC details
000 -LEADER
fixed length control field 00695nam a22002177a 4500
005 - DATE AND TIME OF LATEST TRANSACTION
control field 20150619111555.0
010 ## - LCCN (DPL NO)
LC control number ENG-112881
020 ## - INTERNATIONAL STANDARD BOOK NUMBER
Terms of availability 150.00
International Standard Book Number 9788172764272
035 ## - SYSTEM CONTROL NUMBER
System control number EN-96413
037 ## - SOURCE OF ACQUISITION
Source of stock number/acquisition DBAD/PUB
082 ## - DEWEY DECIMAL CLASSIFICATION NUMBER
Classification number 954
100 ## - MAIN ENTRY--PERSONAL NAME
Personal name Lakshmikantham, V.
245 ## - TITLE STATEMENT
Title This is our history /
Statement of responsibility, etc by V. Lakshmikantham, J. Vasundhara Devi [and] S.Leela
260 ## - PUBLICATION, DISTRIBUTION, ETC. (IMPRINT)
Place of publication, distribution, etc Mumbai
Name of publisher, distributor, etc Bharatiya Vidaya Bhawan
Date of publication, distribution, etc 2009
270 ## - ADDRESS
Address 34, Cowasji Patel Street, 17, Lakhani Terrace, Fort,
City Mumbai
Postal code 400001
300 ## - PHYSICAL DESCRIPTION
Extent xxi,154p.
Dimensions 22cm(pbk)
500 ## - GENERAL NOTE
General note Includes bibliographical references
700 ## - ADDED ENTRY--PERSONAL NAME
Personal name Vasundhara Devi, J.
700 ## - ADDED ENTRY--PERSONAL NAME
Personal name Leela, S.
942 ## - ADDED ENTRY ELEMENTS (KOHA)
Source of classification or shelving scheme Dewey Decimal Classification
Item type English Books
Call number suffix LAK
Classification part 954
Holdings
Withdrawn status Lost status Not for loan Collection code Home library Current library Date acquired Source of acquisition Cost, normal purchase price Full call number Barcode Copy number Cost, replacement price Koha item type
    Not For Loan Non-fiction D.B.Act.Division D.B.Act.Division 07/05/2015 DBAD/PUB 150.00 954 LAK EN-96413 1 150.00 English Books

© Delhi Public Library
Hit Counter
free hit counter